Men on Men n. 5

Enregistré dans:
Détails bibliographiques
Auteur principal: Scalise Daniele
Format: Livre
Langue:langue indéterminée
Publié: Milano Mondadori 2006
Tags: Ajouter un tag
Pas de tags, Soyez le premier à ajouter un tag!

MARC

LEADER 00000nam a2200000Ia 4500
001 208
003 NUMERAZIONE-ORIGINALE-BRESCIA
005 20260206230750.0
008 260206s9999 xx 000 0 und d
100 |a Scalise Daniele 
245 0 |a Men on Men n. 5 
260 |a Milano 
260 |b Mondadori 
260 |c 2006 
500 |a Piccola Biblioteca Oscar 
942 |2 ddc  |c BK  |n 0 
952 |0 0  |1 0  |2 ddc  |4 0  |6 21  |7 0  |9 28408  |a BS  |b BS  |d 2026-02-06  |i 208  |l 0  |o 2-1-*  |r 2026-02-06 22:40:34  |w 2026-02-06  |x [REVISIONARE]  |y BK 
999 |c 24089  |d 24089